000
00318nam a22001457a 4500
008
210322b ||||| |||| 00| 0 eng d
020
_a
9780618054190
041
_a
eng
080
_2
9th
_a
070
082
_a
070
100
_a
39
101
_a
MED
245
_a
Broadcasting in America
_c
Head, S. W
942
_2
udc
_c
BK
999
_c
56645
_d
56645